东南亚史 (Record no. 52968)

000 -LEADER
fixed length control field 00403nam a22001697a 4500
003 - CONTROL NUMBER IDENTIFIER
control field MPLRDC
005 - DATE AND TIME OF LATEST TRANSACTION
control field 20220104152547.0
008 - FIXED-LENGTH DATA ELEMENTS--GENERAL INFORMATION
fixed length control field 210129b ||||| |||| 00| 0 eng d
082 ## - DEWEY DECIMAL CLASSIFICATION NUMBER
Classification number 738.01 CGQ
100 ## - MAIN ENTRY--PERSONAL NAME
Personal name 崔贵强编著
245 ## - TITLE STATEMENT
Title 东南亚史
Statement of responsibility, etc.
250 ## - EDITION STATEMENT
Edition statement 初版
260 ## - PUBLICATION, DISTRIBUTION, ETC.
Place of publication, distribution, etc.
Name of publisher, distributor, etc. 联营出版有限公司
Date of publication, distribution, etc. 1965
300 ## - PHYSICAL DESCRIPTION
Other physical details
650 ## - SUBJECT ADDED ENTRY--TOPICAL TERM
Topical term or geographic name entry element 东南亚通史
942 ## - ADDED ENTRY ELEMENTS (KOHA)
Koha item type Book
-- 738.01 CGQ
Holdings
Withdrawn status Lost status Source of classification or shelving scheme Damaged status Not for loan Collection code Home library Current library Shelving location Date acquired Cost, normal purchase price Total Checkouts Full call number Barcode Date last seen Date last checked out Price effective from Koha item type Public note
            Malaysian Public Library, Research and Development Centre Malaysian Public Library, Research and Development Centre   10/12/2007 4.00   738.01 CGQ 00053149 18/03/2021 10/02/2015 18/03/2021 Book mplrdc

© 2022. Malaysian Public Library, Research and Development Centre. All Right ReservedE-mailmplrdc@help.edu.my 

Powered by Koha